00221 a2200097 4500245002800000100002200028650003000050005001700080084000900097999001700106 aheart of darknesshText aANTONY FOTHERGILL aOPEN GUIDES TO LITERATURE20191021095141.0 aNONE c11881d11881